000 00211 a2200085 4500
020 _a9788957708927
100 _aARCHIWORLD PUBLISHER
245 _aACA (Architecture Competition Annual) Vol.18
260 _bARCHIWORLD
999 _c13412
_d13412